Online
Catalog

Obras / (Record no. 10665)

MARC details
000 -CABECERA
campo de control de longitud fija 00995nam a2200289 a 4500
001 - NÚMERO DE CONTROL
campo de control 000010927
003 - IDENTIFICADOR DEL NÚMERO DE CONTROL
campo de control DO-SdBNP
005 - FECHA Y HORA DE LA ÚLTIMA TRANSACCIÓN
campo de control 20240412074221.0
008 - DATOS DE LONGITUD FIJA--INFORMACIÓN GENERAL
campo de control de longitud fija 091013s2000 dr 001 0 spa d
040 ## - FUENTE DE LA CATALOGACIÓN
Centro catalogador/agencia de origen DO-SdBNP
Lengua de catalogación spa
Centro/agencia transcriptor BNPHU
082 #4 - NÚMERO DE LA CLASIFICACIÓN DECIMAL DEWEY
Número de clasificación RD861.44
Número de documento/Ítem P349p
Número de edición 22
100 1# - ENTRADA PRINCIPAL--NOMBRE DE PERSONA
Nombre de persona Peña, Enegildo
Fechas asociadas al nombre 1965-
9 (RLIN) 25677
245 10 - MENCIÓN DE TÍTULO
Título Obras /
Mención de responsabilidad, etc. Enegildo Peña
260 ## - PUBLICACIÓN, DISTRIBUCIÓN, ETC.
Lugar de publicación, distribución, etc. Santo Domingo, :
Nombre del editor, distribuidor, etc. Consejo Presidencial de Cultura,
Fecha de publicación, distribución, etc. 2000.
300 ## - DESCRIPCIÓN FÍSICA
Extensión 231 p. ;
Dimensiones 29 cm.
490 0# - MENCIÓN DE SERIE
Mención de serie Fin de siglo
490 0# - MENCIÓN DE SERIE
Mención de serie Sistema Nacional de Talleres Literarios ; 17
500 ## - NOTA GENERAL
Nota general Incluye datos biográficos del autor en anteportada
500 ## - NOTA GENERAL
Nota general Incluye notas al pie de las páginas
505 2# - NOTA DE CONTENIDO CON FORMATO
Nota de contenido con formato Selencio de sombra -- Más allá de mi sombra -- En la palabra
590 ## - NOTA LOCAL (RLIN)
Nota local La biblioteca posee 1 ejemplar autografiado
590 ## - NOTA LOCAL (RLIN)
Nota local Inventariado, 2023/MFF
650 #4 - PUNTO DE ACCESO ADICIONAL DE MATERIA--TÉRMINO DE MATERIA
Término de materia o nombre geográfico como elemento de entrada Poesía dominicana
9 (RLIN) 25462
650 #0 - PUNTO DE ACCESO ADICIONAL DE MATERIA--TÉRMINO DE MATERIA
Término de materia o nombre geográfico como elemento de entrada Literatura dominicana.
9 (RLIN) 67
910 ## - DATOS DE OPCIÓN DEL USUARIO (OCLC)
Datos de opción del usuario Validado. Control de calidad MFF
942 ## - ELEMENTOS DE PUNTO DE ACCESO ADICIONAL (KOHA)
Fuente del sistema de clasificación o colocación Dewey Decimal Classification
Tipo de ítem Koha Libro
Holdings
Estado de retiro Estado de pérdida Fuente del sistema de clasificación o colocación Restricciones de uso No para préstamo Código de colección Localización permanente Ubicación/localización actual Ubicación en estantería Fecha de adquisición Número de inventario Signatura topográfica completa Código de barras Fecha visto por última vez Precio válido a partir de Tipo de ítem Koha Total de préstamos Número de copia
    Dewey Decimal Classification Excluido de préstamo   Patrimonio Dominicano Biblioteca Nacional Pedro Henríquez Ureña Biblioteca Nacional Pedro Henríquez Ureña Depósito 13.10.2009 LF1 BNPHU PD RD861.44 P349o 10927-10 25.06.2020 25.06.2020 Libro    
    Dewey Decimal Classification Excluido de préstamo   Patrimonio Dominicano Biblioteca Nacional Pedro Henríquez Ureña Biblioteca Nacional Pedro Henríquez Ureña Depósito 26.01.2023   BNPHU PD RD861.44 P349o 2023-0449 26.01.2023 26.01.2023 Libro   e.3
    Dewey Decimal Classification Préstamo en sala   Patrimonio Dominicano Biblioteca Nacional Pedro Henríquez Ureña Biblioteca Nacional Pedro Henríquez Ureña Depósito 26.01.2023   BNPHU DS RD861.44 P349o 2023-0450 26.01.2023 26.01.2023 Libro   e.3
    Dewey Decimal Classification Préstamo en sala   Patrimonio Dominicano Biblioteca Nacional Pedro Henríquez Ureña Biblioteca Nacional Pedro Henríquez Ureña Depósito 26.01.2023   BNPHU DS RD861.44 P349o 2023-0451 26.01.2023 26.01.2023 Libro   e.3
    Dewey Decimal Classification Préstamo en sala   Patrimonio Dominicano Biblioteca Nacional Pedro Henríquez Ureña Biblioteca Nacional Pedro Henríquez Ureña Depósito 26.01.2023   BNPHU DS RD861.44 P349o 2023-0452 26.01.2023 26.01.2023 Libro   e.4

Powered by Koha